Statistics for Biggest Cities in Brazil on a Map

Click here to take the quiz!

General Stats

  • This quiz has been taken 398 times
  • The average score is 12 of 15

Answers on the Map

Answers color-coded by a green-red scale on the quiz's map according to % correct below.
 

Answer Stats

PopulationCity% Correct
6,747,820Rio de Janeiro
100%
12,214,440São Paulo
100%
2,950,600Brasília
99%
2,521,560Belo Horizonte
94%
2,208,330Manaus
93%
2,885,910Salvador
92%
1,653,460Recife
91%
1,488,250Porto Alegre
89%
2,686,610Fortaleza
88%
1,486,810Belém
84%
1,948,630Curitiba
78%
1,192,920Campinas
59%
1,530,290Goiânia
59%
1,392,120Guarulhos
26%
1,090,940São Gonçalo
23%

Score Distribution

Percentile by Number Answered

Percent of People with Each Score

Your Score History

You have not taken this quiz